[Event "Ch France 2018 Féminin"]
[Site "?"]
[Date "2018.08.26"]
[Round "8.2"]
[White "Navrotescu, Andreea-C"]
[Black "Haussernot, Cecile"]
[Result "0-1"]
[BlackElo "2198"]
[WhiteElo "2247"]
[LiveChessVersion "1.4.8"]

1. d4 {[%clk 1:30:58]} d5 {[%clk 1:26:10]} 2. c4 {[%clk 1:31:20]} c6
{[%clk 1:26:20]} 3. Nf3 {[%clk 1:31:44]} Nf6 {[%clk 1:25:56]} 4. e3
{[%clk 1:31:57]} e6 {[%clk 1:24:13]} 5. Nc3 {[%clk 1:32:17]} Nbd7
{[%clk 1:24:36]} 6. Bd2 {[%clk 1:32:39]} Bd6 {[%clk 1:23:51]} 7. Bd3
{[%clk 1:32:54]} dxc4 {[%clk 1:23:15]} 8. Bxc4 {[%clk 1:33:21]} b5
{[%clk 1:23:01]} 9. Bd3 {[%clk 1:33:45]} O-O {[%clk 1:22:37]} 10. Ne4
{[%clk 1:30:36]} Nxe4 {[%clk 1:18:24]} 11. Bxe4 {[%clk 1:31:01]} Bb7
{[%clk 1:15:44]} 12. b4 {[%clk 1:29:33]} Qe7 {[%clk 1:14:30]} 13. Qb1
{[%clk 1:26:25]} f5 {[%clk 1:10:49]} 14. Bd3 {[%clk 1:26:41]} Nf6
{[%clk 1:07:42]} 15. O-O {[%clk 1:22:16]} Ne4 {[%clk 1:00:28]} 16. Be1
{[%clk 1:14:34]} c5 {[%clk 0:40:53]} 17. bxc5 {[%clk 1:13:42]} Nxc5
{[%clk 0:41:16]} 18. Be2 {[%clk 1:05:28]} Ne4 {[%clk 0:37:36]} 19. Qxb5
{[%clk 1:03:59]} Rab8 {[%clk 0:37:19]} 20. Qd3 {[%clk 0:59:14]} Bd5
{[%clk 0:34:41]} 21. Ba5 {[%clk 0:49:12]} Rb2 {[%clk 0:26:28]} 22. Rfb1
{[%clk 0:45:08]} Rfb8 {[%clk 0:24:13]} 23. Rxb2 {[%clk 0:44:39]} Rxb2
{[%clk 0:24:37]} 24. a4 {[%clk 0:43:36]} h6 {[%clk 0:12:15]} 25. Rc1
{[%clk 0:38:44]} Qb7 {[%clk 0:09:14]} 26. Be1 {[%clk 0:30:01]} Kh7
{[%clk 0:09:11]} 27. Qa6 {[%clk 0:29:09]} Qe7 {[%clk 0:08:51]} 28. Ne5
{[%clk 0:17:39]} Bxe5 {[%clk 0:06:52]} 29. dxe5 {[%clk 0:18:07]} Nc5
{[%clk 0:04:44]} 30. Qd6 {[%clk 0:18:36]} Qg5 {[%clk 0:05:07]} 31. Bf1
{[%clk 0:17:52]} Nd3 {[%clk 0:04:15]} 32. Rd1 {[%clk 0:17:54]} Nxe1
{[%clk 0:03:26]} 33. Rxe1 {[%clk 0:18:22]} Qh4 {[%clk 0:03:47]} 34. Be2
{[%clk 0:13:51]} Qxa4 {[%clk 0:04:06]} 35. Bf3 {[%clk 0:12:53]} Qc2
{[%clk 0:03:35]} 36. Rf1 {[%clk 0:12:26]} Rb1 {[%clk 0:02:42]} 37. Be2
{[%clk 0:10:44]} Qe4 {[%clk 0:02:52]} 38. Bf3 {[%clk 0:09:46]} Rxf1+
{[%clk 0:01:03]} 39. Kxf1 {[%clk 0:10:15]} Qb1+ {[%clk 0:01:22]} 40. Ke2
{[%clk 0:10:44]} Qc2+ {[%clk 0:00:50]} 41. Ke1 {[%clk 0:10:51]} Qc3+
{[%clk 0:21:56]} 42. Kd1 {[%clk 0:35:24]} Bb3+ {[%clk 0:21:53]} 43. Ke2
{[%clk 0:35:53]} Qc1 {[%clk 0:21:39]} 44. Bc6 {[%clk 0:31:23]} a5
{[%clk 0:19:32]} 45. h3 {[%clk 0:28:50]} a4 {[%clk 0:19:03]} 46. Be8
{[%clk 0:28:50]} a3 {[%clk 0:18:46]} 47. Bf7 {[%clk 0:28:49]} a2 {[%clk 0:18:55]}
48. Bxe6 {[%clk 0:27:07]} Bxe6 49. Qxe6 {[%clk 0:27:20]} Qc2+ {[%clk 0:19:11]}
50. Kf3 {[%clk 0:27:29]} a1=Q {[%clk 0:19:31]} 0-1

[Event "Ch France 2018 Féminin"]
[Site "?"]
[Date "2018.08.26"]
[Round "8.3"]
[White "Bollengier, Andreea"]
[Black "Leconte, Maria"]
[Result "1/2-1/2"]
[BlackElo "2224"]
[WhiteElo "2219"]
[LiveChessVersion "1.4.8"]

1. d4 {[%clk 1:30:58]} Nf6 {[%clk 1:30:49]} 2. Nf3 {[%clk 1:31:21]} b6
{[%clk 1:30:46]} 3. g3 {[%clk 1:29:14]} Bb7 {[%clk 1:30:26]} 4. Bg2
{[%clk 1:29:39]} e6 {[%clk 1:27:19]} 5. O-O {[%clk 1:29:41]} d5 {[%clk 1:25:56]}
6. c4 {[%clk 1:26:45]} Be7 {[%clk 1:23:46]} 7. cxd5 {[%clk 1:22:52]} exd5
{[%clk 1:23:55]} 8. Qa4+ {[%clk 1:22:16]} c6 {[%clk 1:18:21]} 9. Ne5
{[%clk 1:20:39]} O-O {[%clk 1:18:25]} 10. Nc3 {[%clk 1:17:29]} b5
{[%clk 1:11:33]} 11. Qc2 {[%clk 1:14:46]} Nbd7 {[%clk 1:11:55]} 12. Nxd7
{[%clk 0:58:20]} Qxd7 {[%clk 1:11:36]} 13. Bg5 {[%clk 0:56:22]} Rfe8
{[%clk 0:55:56]} 14. Bxf6 {[%clk 0:54:50]} Bxf6 {[%clk 0:56:21]} 15. e3
{[%clk 0:55:17]} Rac8 {[%clk 0:37:28]} 16. Ne2 {[%clk 0:55:18]} Qd6
{[%clk 0:33:38]} 17. Rac1 {[%clk 0:53:50]} Be7 {[%clk 0:25:37]} 18. Nf4
{[%clk 0:48:43]} Bg5 {[%clk 0:16:16]} 19. Nd3 {[%clk 0:47:19]} Rc7
{[%clk 0:16:16]} 20. a4 {[%clk 0:44:03]} Ree7 {[%clk 0:06:35]} 21. Qb3
{[%clk 0:41:29]} a6 {[%clk 0:05:21]} 22. axb5 {[%clk 0:36:44]} axb5
{[%clk 0:05:47]} 23. Ra1 {[%clk 0:36:55]} h5 {[%clk 0:06:10]} 24. Nc5
{[%clk 0:18:55]} h4 {[%clk 0:06:35]} 25. Rfe1 {[%clk 0:14:17]} hxg3
{[%clk 0:06:52]} 26. hxg3 {[%clk 0:14:43]} Bc8 {[%clk 0:06:00]} 27. Ra8
{[%clk 0:15:02]} Kh7 {[%clk 0:05:44]} 28. e4 {[%clk 0:13:11]} Bf5
{[%clk 0:03:09]} 29. f4 {[%clk 0:07:22]} Bh6 {[%clk 0:03:19]} 30. e5
{[%clk 0:07:34]} Qg6 {[%clk 0:03:45]} 31. Kf2 {[%clk 0:06:32]} Rc8
{[%clk 0:03:56]} 32. Ra6 {[%clk 0:06:43]} f6 {[%clk 0:03:45]} 33. e6
{[%clk 0:03:35]} Qe8 {[%clk 0:04:10]} 34. Qe3 {[%clk 0:03:35]} Ra8
{[%clk 0:04:06]} 35. Rxa8 {[%clk 0:03:50]} Qxa8 {[%clk 0:04:32]} 36. Bf3
{[%clk 0:04:14]} Qa2 {[%clk 0:04:17]} 37. Re2 {[%clk 0:04:24]} g5
{[%clk 0:04:09]} 38. g4 {[%clk 0:03:12]} gxf4 {[%clk 0:04:29]} 39. Qc1
{[%clk 0:03:19]} Bg6 {[%clk 0:04:14]} 40. Nd7 {[%clk 0:02:52]} Qa7
{[%clk 0:02:01]} 41. Qxc6 {[%clk 0:27:26]} Qxd4+ {[%clk 0:32:13]} 42. Kg2
{[%clk 0:27:45]} Be4 {[%clk 0:13:04]} 43. Bxe4+ {[%clk 0:22:35]} dxe4
{[%clk 0:13:30]} 44. Qxe4+ {[%clk 0:23:00]} Qxe4+ {[%clk 0:13:55]} 45. Rxe4
{[%clk 0:23:26]} Kg6 {[%clk 0:14:14]} 46. Kf3 {[%clk 0:20:00]} f5
{[%clk 0:14:25]} 47. gxf5+ {[%clk 0:16:22]} Kxf5 {[%clk 0:14:49]} 48. Re5+
{[%clk 0:16:35]} Kg6 {[%clk 0:15:11]} 49. b3 {[%clk 0:16:40]} Re8
{[%clk 0:09:27]} 50. Kg4 {[%clk 0:16:20]} Re7 {[%clk 0:08:31]} 51. Nc5
{[%clk 0:15:35]} Kf6 {[%clk 0:08:09]} 52. Nd7+ {[%clk 0:10:25]} Kg6
{[%clk 0:08:23]} 53. Re2 {[%clk 0:09:16]} Re8 {[%clk 0:07:36]} 54. Kf3
{[%clk 0:05:19]} Kf5 {[%clk 0:05:46]} 55. e7 {[%clk 0:05:17]} Bg5
{[%clk 0:05:06]} 56. Re5+ {[%clk 0:05:27]} Kg6 {[%clk 0:05:20]} 57. Nf8+
{[%clk 0:04:34]} Kf6 {[%clk 0:04:53]} 58. Nd7+ {[%clk 0:02:30]} Kg6
{[%clk 0:05:05]} 59. Nf8+ {[%clk 0:01:52]} Kf6 {[%clk 0:05:28]} 60. Nd7+
{[%clk 0:01:41]} Kxe5 61. Ke4+ 1/2-1/2

[Event "Ch France 2018 Féminin"]
[Site "?"]
[Date "2018.08.26"]
[Round "8.4"]
[White "Benmesbah, Natacha"]
[Black "Monpeurt, Cyrielle"]
[Result "1-0"]
[BlackElo "2175"]
[WhiteElo "2255"]
[LiveChessVersion "1.4.8"]

1. e4 {[%clk 1:29:14]} e6 {[%clk 1:30:01]} 2. d4 {[%clk 1:29:38]} c5
{[%clk 1:30:22]} 3. c3 d5 {[%clk 1:30:38]} 4. exd5 {[%clk 1:25:44]} exd5
{[%clk 1:30:37]} 5. dxc5 {[%clk 1:23:54]} Bxc5 {[%clk 1:30:16]} 6. Nf3
{[%clk 1:24:06]} Nf6 {[%clk 1:29:06]} 7. Be2 {[%clk 1:21:22]} h6 {[%clk 1:23:08]}
8. O-O {[%clk 1:21:33]} O-O {[%clk 1:23:18]} 9. Nbd2 {[%clk 1:20:37]} Nc6
{[%clk 1:20:17]} 10. Nb3 {[%clk 1:20:33]} Bd6 {[%clk 1:15:12]} 11. Nbd4
{[%clk 1:19:37]} Bg4 {[%clk 1:10:35]} 12. Be3 {[%clk 1:15:31]} Re8
{[%clk 1:04:43]} 13. Qd3 {[%clk 1:12:10]} Rc8 {[%clk 0:56:05]} 14. Rfe1
{[%clk 1:07:47]} Bb8 {[%clk 0:52:55]} 15. h3 {[%clk 0:58:47]} Bh5
{[%clk 0:50:08]} 16. Rad1 {[%clk 0:41:37]} a6 {[%clk 0:47:31]} 17. Nxc6
{[%clk 0:41:25]} bxc6 {[%clk 0:47:43]} 18. Nd4 {[%clk 0:33:19]} Qd6
{[%clk 0:42:55]} 19. g3 {[%clk 0:30:23]} Bg6 {[%clk 0:40:50]} 20. Qxa6
{[%clk 0:30:42]} Qd7 {[%clk 0:33:51]} 21. Bf1 {[%clk 0:30:14]} Ne4
{[%clk 0:30:05]} 22. Bg2 {[%clk 0:25:08]} h5 {[%clk 0:23:06]} 23. Nf3
{[%clk 0:23:09]} Re6 {[%clk 0:19:46]} 24. Ng5 {[%clk 0:18:36]} Nxg5
{[%clk 0:17:48]} 25. Bxg5 {[%clk 0:19:02]} Rce8 {[%clk 0:17:59]} 26. Rxe6
{[%clk 0:18:09]} fxe6 {[%clk 0:16:38]} 27. a4 {[%clk 0:15:49]} Rf8
{[%clk 0:15:53]} 28. a5 {[%clk 0:14:40]} Ba7 {[%clk 0:15:29]} 29. Rf1
{[%clk 0:13:37]} e5 {[%clk 0:11:16]} 30. Qe2 {[%clk 0:13:06]} e4 {[%clk 0:10:11]}
31. b4 {[%clk 0:13:17]} c5 {[%clk 0:06:33]} 32. b5 {[%clk 0:11:52]} Qf5
{[%clk 0:03:45]} 33. h4 {[%clk 0:09:53]} Bb8 {[%clk 0:02:52]} 34. b6
{[%clk 0:09:41]} Qe6 {[%clk 0:02:05]} 35. Qb5 {[%clk 0:09:33]} e3
{[%clk 0:00:48]} 36. Bxe3 {[%clk 0:09:14]} Bxg3 {[%clk 0:00:59]} 37. Qxc5
{[%clk 0:09:28]} Bd6 {[%clk 0:00:56]} 38. Bxd5 {[%clk 0:09:24]} 1-0

[Event "Ch France 2018 Féminin"]
[Site "?"]
[Date "2018.08.26"]
[Round "9.3"]
[White "Safranska, Anda"]
[Black "Navrotescu, Andreea-C"]
[Result "0-1"]
[BlackElo "2247"]
[WhiteElo "2193"]
[LiveChessVersion "1.4.8"]

1. Nf3 {[%clk 1:30:56]} d5 {[%clk 1:29:49]} 2. g3 {[%clk 1:31:22]} g6
{[%clk 1:30:15]} 3. Bg2 {[%clk 1:31:33]} Bg7 {[%clk 1:30:38]} 4. d3
{[%clk 1:28:56]} e5 {[%clk 1:30:41]} 5. c4 {[%clk 1:27:57]} dxc4 {[%clk 1:27:05]}
6. Qa4+ {[%clk 1:27:41]} Nc6 {[%clk 1:27:08]} 7. Qxc4 {[%clk 1:28:03]} Nge7
{[%clk 1:25:42]} 8. O-O {[%clk 1:27:49]} O-O {[%clk 1:25:28]} 9. Nc3
{[%clk 1:26:04]} Nd4 {[%clk 1:20:08]} 10. Nxd4 {[%clk 1:17:35]} exd4
{[%clk 1:20:22]} 11. Ne4 {[%clk 1:17:37]} h6 {[%clk 1:20:05]} 12. Nc5
{[%clk 1:16:55]} c6 {[%clk 1:17:37]} 13. e4 {[%clk 1:13:46]} b6 {[%clk 1:16:08]}
14. Nb3 {[%clk 1:13:51]} Be6 {[%clk 1:11:42]} 15. Qc2 {[%clk 1:13:15]} c5
{[%clk 1:06:27]} 16. Nd2 {[%clk 1:13:12]} Rc8 {[%clk 1:03:52]} 17. b3
{[%clk 0:58:16]} f5 {[%clk 1:01:47]} 18. exf5 {[%clk 0:57:49]} Nxf5
{[%clk 0:59:56]} 19. Bb2 {[%clk 0:57:23]} Qd7 {[%clk 0:56:37]} 20. Rae1
{[%clk 0:57:29]} Nd6 {[%clk 0:54:28]} 21. Nc4 {[%clk 0:54:26]} Nf7
{[%clk 0:54:24]} 22. a4 {[%clk 0:53:39]} Rce8 {[%clk 0:50:09]} 23. f4
{[%clk 0:45:42]} Bf5 {[%clk 0:48:26]} 24. Ba3 Re6 {[%clk 0:46:53]} 25. b4
{[%clk 0:41:06]} cxb4 {[%clk 0:45:27]} 26. Bxb4 {[%clk 0:41:30]} Rfe8
{[%clk 0:45:52]} 27. Rxe6 {[%clk 0:39:02]} Bxe6 {[%clk 0:44:04]} 28. Qd1
{[%clk 0:37:55]} b5 {[%clk 0:40:35]} 29. Na5 {[%clk 0:25:18]} Rc8
{[%clk 0:40:11]} 30. axb5 {[%clk 0:23:04]} Qxb5 {[%clk 0:40:30]} 31. Be1
{[%clk 0:16:19]} Nd6 {[%clk 0:38:38]} 32. g4 {[%clk 0:16:13]} Kh8
{[%clk 0:28:36]} 33. h3 {[%clk 0:16:24]} Qb2 {[%clk 0:19:50]} 34. Qf3
{[%clk 0:16:03]} Rc2 {[%clk 0:17:43]} 35. Bf2 {[%clk 0:15:34]} Rc5
{[%clk 0:17:03]} 36. Qa8+ {[%clk 0:15:05]} Nc8 {[%clk 0:14:21]} 37. Nc6
{[%clk 0:14:50]} Kh7 {[%clk 0:13:23]} 38. Nd8 {[%clk 0:12:01]} Bd7
{[%clk 0:12:08]} 39. Qb7 {[%clk 0:04:26]} Qxb7 {[%clk 0:10:32]} 40. Nxb7
{[%clk 0:04:47]} Rc3 {[%clk 0:10:55]} 41. Be4 {[%clk 0:01:04]} Bc6
{[%clk 0:08:51]} 42. Bxc6 {[%clk 0:24:52]} Rxc6 {[%clk 0:39:16]} 43. Rd1
{[%clk 0:24:35]} Nb6 {[%clk 0:33:05]} 44. Na5 {[%clk 0:19:51]} Rc3
{[%clk 0:33:22]} 45. Be1 {[%clk 0:19:57]} Ra3 {[%clk 0:32:58]} 46. Kf2
{[%clk 0:18:14]} Nd5 {[%clk 0:32:49]} 47. Nc4 {[%clk 0:18:28]} Ra2+
{[%clk 0:30:39]} 48. Kf3 {[%clk 0:18:49]} Nc3 {[%clk 0:30:26]} 49. Rd2
{[%clk 0:17:15]} Ra1 {[%clk 0:30:37]} 50. Bf2 {[%clk 0:15:41]} a5
{[%clk 0:30:53]} 51. Rb2 {[%clk 0:15:17]} Rd1 {[%clk 0:28:56]} 52. Nxa5
{[%clk 0:15:29]} Rxd3+ {[%clk 0:29:21]} 53. Kg2 {[%clk 0:15:55]} Nd1
{[%clk 0:27:59]} 54. Ra2 {[%clk 0:16:19]} Rc3 {[%clk 0:27:39]} 55. Be1
{[%clk 0:14:56]} Re3 {[%clk 0:24:13]} 56. Bb4 {[%clk 0:08:27]} Nc3
{[%clk 0:23:45]} 57. Rd2 {[%clk 0:05:43]} Nd5 {[%clk 0:23:42]} 58. Bd6
{[%clk 0:06:08]} Rc3 {[%clk 0:22:42]} 59. h4 {[%clk 0:05:29]} Ne3+
{[%clk 0:21:39]} 60. Kf2 {[%clk 0:05:42]} Nxg4+ {[%clk 0:21:59]} 61. Kg2
{[%clk 0:06:06]} Bf6 {[%clk 0:20:28]} 62. h5 {[%clk 0:05:11]} gxh5
{[%clk 0:20:46]} 63. Bb4 {[%clk 0:05:29]} Rc8 {[%clk 0:18:37]} 64. Kf3
{[%clk 0:05:42]} Kg6 {[%clk 0:18:29]} 65. Rd3 {[%clk 0:04:09]} Rc1
{[%clk 0:18:37]} 66. Nb3 {[%clk 0:03:22]} Rf1+ {[%clk 0:18:58]} 67. Kg3
{[%clk 0:02:55]} Kf5 {[%clk 0:19:17]} 68. Bd2 {[%clk 0:01:17]} Rf2
{[%clk 0:18:19]} 69. Be1 {[%clk 0:00:58]} h4+ {[%clk 0:18:38]} 70. Kh3
{[%clk 0:01:19]} Ke5 0-1

[Event "Ch France 2018 Féminin"]
[Site "?"]
[Date "2018.08.26"]
[Round "9.4"]
[White "Monpeurt, Cyrielle"]
[Black "Afraoui, Anaelle"]
[Result "1/2-1/2"]
[BlackElo "2041"]
[WhiteElo "2175"]
[LiveChessVersion "1.4.8"]

1. e4 {[%clk 1:30:57]} c5 {[%clk 1:30:52]} 2. Nf3 {[%clk 1:31:17]} Nc6
{[%clk 1:31:15]} 3. d4 {[%clk 1:31:28]} cxd4 {[%clk 1:31:37]} 4. Nxd4
{[%clk 1:31:51]} Nf6 {[%clk 1:31:58]} 5. Nc3 {[%clk 1:32:04]} e5 {[%clk 1:32:20]}
6. Ndb5 {[%clk 1:32:23]} d6 {[%clk 1:32:41]} 7. Bg5 {[%clk 1:32:36]} a6
{[%clk 1:33:03]} 8. Na3 {[%clk 1:32:57]} b5 {[%clk 1:33:25]} 9. Nd5
{[%clk 1:33:12]} Be7 {[%clk 1:33:46]} 10. Bxf6 {[%clk 1:33:32]} Bxf6
{[%clk 1:34:08]} 11. c4 {[%clk 1:33:55]} b4 {[%clk 1:34:17]} 12. Nc2
{[%clk 1:34:17]} Bg5 {[%clk 1:32:35]} 13. g3 {[%clk 1:29:16]} a5 {[%clk 1:29:39]}
14. h4 {[%clk 1:29:17]} Bh6 {[%clk 1:28:30]} 15. Bh3 {[%clk 1:29:31]} a4
{[%clk 1:22:45]} 16. Ncxb4 {[%clk 1:13:34]} Nxb4 {[%clk 1:18:19]} 17. Nxb4
{[%clk 1:12:05]} Bxh3 {[%clk 1:17:52]} 18. Rxh3 {[%clk 1:12:31]} a3
{[%clk 1:17:48]} 19. bxa3 {[%clk 1:08:13]} Rxa3 {[%clk 1:07:34]} 20. Rh1
{[%clk 1:02:16]} Qa8 {[%clk 1:00:34]} 21. Qd5 {[%clk 0:53:47]} O-O
{[%clk 0:56:24]} 22. Kf1 {[%clk 0:47:16]} Qb8 {[%clk 0:47:11]} 23. Rb1
{[%clk 0:33:08]} Rxa2 {[%clk 0:35:16]} 24. Qb5 {[%clk 0:28:10]} Rd2
{[%clk 0:33:21]} 25. Nd5 {[%clk 0:27:28]} Qa7 {[%clk 0:32:14]} 26. Qb6
{[%clk 0:26:14]} Qa2 {[%clk 0:28:45]} 27. Kg2 {[%clk 0:26:36]} Qxc4
{[%clk 0:28:02]} 28. Rhe1 {[%clk 0:23:19]} Qc5 {[%clk 0:11:37]} 29. Qxc5
{[%clk 0:16:58]} dxc5 {[%clk 0:11:58]} 30. Rbc1 {[%clk 0:10:27]} Rxd5
{[%clk 0:10:02]} 31. exd5 {[%clk 0:10:52]} Bxc1 {[%clk 0:10:25]} 32. Rxc1
{[%clk 0:11:18]} Rc8 {[%clk 0:10:11]} 33. d6 {[%clk 0:11:41]} f6 {[%clk 0:10:03]}
34. d7 {[%clk 0:11:47]} Rd8 {[%clk 0:10:28]} 35. Rxc5 {[%clk 0:12:04]} Rxd7
{[%clk 0:10:33]} 36. Rc4 {[%clk 0:09:44]} Kf7 {[%clk 0:05:26]} 37. Ra4
{[%clk 0:09:59]} Ke6 {[%clk 0:04:36]} 38. Ra6+ {[%clk 0:09:51]} Kf5
{[%clk 0:03:04]} 39. Ra4 {[%clk 0:09:09]} Rb7 {[%clk 0:01:36]} 40. Rc4
{[%clk 0:09:06]} Ra7 {[%clk 0:01:39]} 41. Rb4 {[%clk 0:09:18]} h5
{[%clk 0:26:25]} 42. Rb8 {[%clk 0:36:43]} Ra2 {[%clk 0:24:37]} 43. Rb5
{[%clk 0:29:15]} Ra4 {[%clk 0:17:24]} 44. Rb7 {[%clk 0:27:22]} g6
{[%clk 0:16:51]} 45. Rb8 {[%clk 0:24:47]} Ra5 {[%clk 0:15:44]} 46. Rb7
{[%clk 0:24:10]} e4 {[%clk 0:15:10]} 47. Rb4 {[%clk 0:23:52]} g5 {[%clk 0:08:56]}
48. hxg5 {[%clk 0:22:50]} fxg5 {[%clk 0:09:11]} 49. Rb8 {[%clk 0:23:08]} Re5
{[%clk 0:07:24]} 50. Kh3 {[%clk 0:18:11]} Re6 {[%clk 0:04:47]} 51. Rh8
{[%clk 0:16:07]} Kg6 {[%clk 0:04:30]} 52. Rg8+ {[%clk 0:16:04]} Kh6
{[%clk 0:02:47]} 53. Rh8+ {[%clk 0:16:22]} 1/2-1/2

[Event "Ch France 2018 Féminin"]
[Site "?"]
[Date "2018.08.26"]
[Round "9.5"]
[White "Haussernot, Cecile"]
[Black "Bollengier, Andreea"]
[Result "1-0"]
[BlackElo "2219"]
[WhiteElo "2198"]
[LiveChessVersion "1.4.8"]

1. e4 {[%clk 1:26:33]} e6 {[%clk 1:30:30]} 2. d4 {[%clk 1:26:44]} d5
{[%clk 1:30:53]} 3. Nc3 {[%clk 1:27:01]} Bb4 {[%clk 1:31:11]} 4. Nge2
{[%clk 1:26:01]} dxe4 {[%clk 1:31:15]} 5. a3 {[%clk 1:26:25]} Bxc3+
{[%clk 1:31:38]} 6. Nxc3 {[%clk 1:26:52]} Nc6 {[%clk 1:31:56]} 7. Bb5
{[%clk 1:27:12]} Nge7 {[%clk 1:32:13]} 8. Bg5 {[%clk 1:27:01]} f6
{[%clk 1:32:09]} 9. Be3 {[%clk 1:27:19]} O-O {[%clk 1:31:16]} 10. Qd2
{[%clk 1:27:12]} f5 {[%clk 1:30:48]} 11. O-O-O {[%clk 1:25:12]} a6
{[%clk 1:30:53]} 12. Bxc6 {[%clk 1:17:00]} Nxc6 {[%clk 1:31:15]} 13. f3
{[%clk 1:16:31]} exf3 {[%clk 1:27:18]} 14. gxf3 {[%clk 1:16:39]} e5
{[%clk 1:25:55]} 15. d5 {[%clk 1:15:46]} Ne7 {[%clk 1:17:28]} 16. f4
{[%clk 1:13:53]} e4 {[%clk 1:13:47]} 17. h4 {[%clk 1:13:06]} Rf7 {[%clk 1:00:00]}
18. h5 {[%clk 1:09:38]} h6 {[%clk 0:54:50]} 19. Rhg1 {[%clk 1:09:18]} Kf8
{[%clk 0:48:58]} 20. Qg2 {[%clk 1:02:11]} Ng8 {[%clk 0:41:10]} 21. Bc5+
{[%clk 0:52:09]} Ke8 {[%clk 0:41:33]} 22. Qg6 {[%clk 0:45:54]} b6
{[%clk 0:36:50]} 23. Bd4 {[%clk 0:40:42]} Qd6 {[%clk 0:28:55]} 24. Qh7
{[%clk 0:38:16]} Nf6 {[%clk 0:26:05]} 25. Bxf6 {[%clk 0:37:55]} Qxf6
{[%clk 0:24:10]} 26. Rg6 {[%clk 0:38:07]} Qh4 {[%clk 0:20:27]} 27. Qg8+
{[%clk 0:34:26]} Rf8 {[%clk 0:19:36]} 28. Qxg7 {[%clk 0:34:49]} Bd7
{[%clk 0:08:56]} 29. d6 {[%clk 0:34:09]} c6 {[%clk 0:03:45]} 30. Re6+
{[%clk 0:33:41]} 1-0